[Event "SVK-ch U16"]
[Site "Tatralandia"]
[Date "2024.04.12"]
[Round "9"]
[White "Valach, Alexander"]
[Black "Rerko, Milos"]
[Result "0-1"]
[WhiteElo "1000"]
[BlackElo "1543"]
[PlyCount "114"]
[EventDate "2024.04.05"]
[EventType "swiss"]
[EventRounds "9"]
[EventCountry "SVK"]
[SourceTitle "CBM 219 Extra"]
[Source "ChessBase"]
[SourceDate "2024.05.31"]
[SourceVersion "1"]
[SourceVersionDate "2024.05.31"]
[SourceQuality "1"]

1. e4 e6 2. Nf3 d5 3. e5 c5 4. d4 cxd4 5. Nxd4 Nc6 6. Bb5 Bd7 7. Nc3 Nxe5 8. Bxd7+ Qxd7 9. 0-0 a6 10. Bf4 Bd6 11. Be3 Nf6 12. f4 Neg4 13. Qe2 0-0 14. Nb3 Qc7 15. h3 Nxe3 16. Qxe3 b5 17. Nd4 Rfe8 18. Kh1 Qb6 19. Qd3 Qc7 20. a3 Nh5 21. Nde2 Nxf4 22. Nxf4 Bxf4 23. Qf3 Be5 24. Rf2 Re7 25. Rb1 Rc8 26. Nd1 Bd4 27. Re2 Rd7 28. Nf2 e5 29. c3 e4 30. Qf5 g6 31. Qg4 f5 32. Qg5 Ba7 33. h4 Bb8 34. Kg1 Rg7 35. Rd1 Qc6 36. Red2 Rd7 37. h5 Rcd8 38. g4 Rf8 39. hxg6 Qxg6 40. Qxg6+ hxg6 41. Rxd5 Rxd5 42. Rxd5 Bg3 43. g5 Bxf2+ 44. Kxf2 Re8 45. Ke3 Kf7 46. Rd6 a5 47. Rf6+ Kg7 48. b3 Rd8 49. Rc6 Rd3+ 50. Ke2 f4 51. a4 f3+ 52. Kf2 Rd2+ 53. Ke1 e3 54. axb5 f2+ 55. Kf1 Rd1+ 56. Ke2 f1Q+ 57. Kxe3 Rd3+ 0-1